000 00339nam a2200157Ia 4500
003 Ost
005 20260225132547.0
008 260225s9999||||xx |||||||||||||| ||und||
040 _cfsic
041 _afre
082 _a440
100 _aBahbouh lehsene
_eAuteur
245 0 _aGJEFFENEN /
245 0 _cBahbouh lehsene
942 _cكتاب
999 _c33930
_d33930